Estudio de impacto ambiental de la infraestructura portuaria de Salina Cruz, Oax. /

Este puerto es parte del Proyecto Petrolero de Pacífico que dentro del Plan Nacional de Desarrollo de México quiere establecer una ifraestructura para la eficiencia en el abastecimiento y suministro de petróleo crudo y sus derivados hacía los países de la cuenca de Pacífico, especialmente Japón. Se...

詳細記述

保存先:
書誌詳細
その他の著者: Andrade Gelabert, Guillermo (coordinación) (coordinación)
フォーマット: 図書
言語:スペイン語
出版事項: México : PEMEX, Gerencia de Protección Ambiental, 1993, c1993
主題:
タグ: タグ追加
タグなし, このレコードへの初めてのタグを付けませんか!

MARC

LEADER 00000nam^a2200000^a^4500
001 000123054
005 20250521000000.0
009 20260310094524.171
020 |a 968-6699-15-5 
037 |a Acervo ITESO - Biblioteca 
041 |a ESP 
082 |a 574. 52638  |b EST 
245 1 0 |a Estudio de impacto ambiental de la infraestructura portuaria de Salina Cruz, Oax. /  |c Coord. de G. Andrade Gelabert... [et al.]. 
264 4 |a México :  |b PEMEX, Gerencia de Protección Ambiental,  |c 1993, c1993 
300 |a 146 p. 
336 |a texto  |b txt  |2 rdacontenido 
337 |a sin mediación  |b n  |2 rdamedio 
338 |a volumen  |b nc  |2 rdasoporte 
520 |a Este puerto es parte del Proyecto Petrolero de Pacífico que dentro del Plan Nacional de Desarrollo de México quiere establecer una ifraestructura para la eficiencia en el abastecimiento y suministro de petróleo crudo y sus derivados hacía los países de la cuenca de Pacífico, especialmente Japón. Se desarrolla un estudio de impacto ambiental en la zona costera y marina. 
649 |a XX 
650 |a Petróleo 
650 |a Puertos -  |z Salina Cruz, Oaxaca 
650 |a Recursos Naturales -  |z Oaxaca 
650 |a Recursos Naturales -  |z México 
650 |a Petróleo -  |z Oaxaca 
650 |a Petróleo -  |z México -  |x Aspectos Económicos 
650 |a Contaminación Ambiental 
650 |a Impacto Ambiental 
650 |a Conservación y Protección Ambiental 
650 |a Ecología Marina 
650 |a Ecología 
650 |a Ingeniería Ambiental 
700 |a Andrade Gelabert, Guillermo  |e (coordinación) 
910 |a Fondo General 
920 |a Impresos - Libros 
930 |a Colección General 
905 |a 101 
901 |a 0500057081  |b IT1  |c ACC  |u 20250521 
902 |a https://opac.biblio.iteso.mx/vufind/Record/000123054